| 000 | 00940cam a2200169 4500 | ||
|---|---|---|---|
| 001 | L129824 | ||
| 008 | 050526n2005 000 0 eng u | ||
| 035 | _a(Sirsi) u129824 | ||
| 041 | _aeng | ||
| 110 |
_aRoyal Institution of Chartered Surveyors _bDispute Resolution Service _94720 |
||
| 245 | _aNegotiations in a state of disrepair? | ||
| 260 |
_aCoventry _bRICS Dispute Resolution Service _c2005 |
||
| 300 |
_a1 folded leaflet _c21cm. |
||
| 520 | _aAdvertises RICS Dispute Resolution Service' (DRS) selection and appointment service for clients requiring a trained dilapidations specialist in dilapidations' disputes. Explains why using a specialist dilapidations surveyor makes sense and guarantees that DRS will find the right expert for the case. Describes the two ways of resolving dilapidations disputes: arbitration or independent expert. Contact details. | ||
| 690 | _aRICS SERVICES-RICS DISPUTE RESOLUTION SERVICE | ||
| 942 | _n0 | ||
| 999 |
_c104285 _d104285 |
||